| 000 | 01297nam a2200265 a 4500 | ||
|---|---|---|---|
| 001 | 74035 | ||
| 003 | BD-RjUL | ||
| 005 | 20211209082459.0 | ||
| 008 | 180128s2010 bg |||| |||| 000 0 ben d | ||
| 020 |
_a9789843322166 _cTk. 700.00 |
||
| 035 | _a(BD-RjUL)74253 | ||
| 040 |
_aBD-RjUL _beng _cBD-RjUL |
||
| 041 | _aben | ||
| 082 |
_223 _a297.64092 _bSUV 2010 |
||
| 100 |
_aসুবহানী , জাফর _9220007 |
||
| 245 |
_aবেলায়াতের দ্যুতি : আমিরুল মুমেনীন আলী রাঃ এর পর্যালোচনামূলক জীবনেতিহাস / _c জাফর সুবহানী ; সম্পাদনা নুর হোসেন মজিদী ; অনুবাদ : আব্দুল কুদ্দুস বাদশা , মো: মাঈনউদ্দীন |
||
| 260 |
_aঢাকা : _bদারুল কোরআন ফাউন্ডেশন , _c২০১০ |
||
| 300 |
_a৭৪৩ পৃঃ ; _c২৫ সেমি. |
||
| 600 |
_aআলী রা: _9220018 |
||
| 600 |
_aAli ( R) _9220019 |
||
| 650 |
_aজীবন _9220009 _vইতিহাস |
||
| 650 |
_aBiography _vHistory _9220020 |
||
| 700 |
_aবাদশা ,আব্দুল কুদ্দুস _9220010 |
||
| 942 |
_2ddc _cBK |
||
| 999 |
_c74035 _d74035 |
||